[Event "Ch Region (1 league)"]
[Site "masterchessopen.com - Samara (Russia)"]
[Date "2007.12.19"]
[Round "5"]
[White "Igonin Michail (RUS)"]
[Black "Sokhin Arkady (RUS)"]
[Result "1-0"]
[WhiteElo "2091"]
[BlackElo "1968"]

1.d4 Nf6 2.c4 e6 3.g3 c5 4.d5 exd5 5.cxd5 d6 6.Nc3 g6 7.Bg2 Bg7 8.Nf3 O-O
9.O-O Na6 10.Nd2 Ne8 11.Nc4 Nac7 12.a4 f5 13.Bf4 g5 14.Bc1 b6 15.Re1 Ba6
16.Na3 Be5 17.Ncb5 h6 18.Nc4 Qf6 19.Nxe5 Qxe5 20.f4 Qf6 21.Qd3 Nxb5 22.axb5
Bb7 23.Bd2 Qg6 24.e4 Ng7 25.e5 gxf4 26.Bxf4 Nh5 27.Qd2 dxe5 28.Rxe5 Nxf4
29.Qxf4 Kg7 30.Rae1 Rf7 31.Re6 Qg5 32.Qe5+ Kg8 {#r} 1-0

[Event "Memorial P.Dubinin (open)"]
[Site "masterchessopen.com - Nizhnij Novgorod (Russia)"]
[Round "0"]
[White "Korolev Sergei (RUS)"]
[Black "Kluev Vladimir (RUS)"]
[Result "0-1"]
[WhiteElo "2288"]
[BlackElo "2103"]

1.d4 Nf6 2.c4 e6 3.Nf3 c5 4.d5 exd5 5.cxd5 d6 6.Nc3 g6 7.g3 Bg7 8.Bg2 O-O
9.O-O Re8 10.Re1 a6 11.a4 Nbd7 12.e4 Rb8 13.a5 b5 14.Nd2 Ne5 15.Bf1 c4 16.b4
Nd3 17.Bxd3 cxd3 18.Bb2 Qc7 19.Rc1 Qa7 20.Qf3 Ng4 21.Nd1 Bd4 22.Nb3 Bxb2
23.Nxb2 f5 24.Nxd3 fxe4 25.Rxe4 Rxe4 26.Qxe4 Bf5 27.Qf3 Rf8 28.Nf4 g5 29.Nh3
Ne5 30.Qg2 Bxh3 31.Qxh3 Qxf2+ 32.Kh1 Qf3+ 33.Kg1 Qxb3 34.Qe6+ Kh8 35.Qxd6 Qe3+
{#R} 0-1

[Event "It (open)"]
[Site "masterchessopen.com - Guben (Germany)"]
[Date "2008.01.05"]
[Round "2"]
[White "Orzech Dominik (POL)"]
[Black "Bauer Bernd (GER)"]
[Result "1-0"]
[WhiteElo "2462"]
[BlackElo "2027"]

1.d4 Nf6 2.Nf3 c5 3.d5 e6 4.c4 exd5 5.cxd5 d6 6.Nc3 g6 7.g3 Bg7 8.Bg2 O-O
9.O-O Na6 10.Nd2 Nc7 11.Nc4 b6 12.Nxd6 Rb8 13.Nxc8 Rxc8 14.e4 Qd7 15.e5 Nfe8
16.Re1 h6 17.h4 Rd8 18.a4 Na6 19.Bf4 Nb4 20.Qe2 Nc7 21.e6 fxe6 22.dxe6 Qe7
23.Bxc7 {#r} 1-0

[Event "It (open) (b)"]
[Site "masterchessopen.com - Zupanja (Croatia)"]
[Date "2008.01.06"]
[Round "6"]
[White "Bajramovic Halid (BIH)"]
[Black "Mikanovic Sandro (BIH)"]
[Result "1-0"]
[WhiteElo "2206"]
[BlackElo "2190"]

1.d4 Nf6 2.c4 c5 3.d5 e6 4.Nc3 exd5 5.cxd5 d6 6.g3 g6 7.Bg2 Bg7 8.Nf3 O-O
9.O-O Na6 10.Nd2 Rb8 11.a4 Nb4 12.Nc4 a6 13.Bf4 Ne8 14.Ne4 Nxd5 15.Qxd5 Be6
16.Qd3 Bxc4 17.Qxc4 d5 18.Qc2 dxe4 19.Bxb8 Qxb8 20.Qxc5 f5 21.Rfd1 Nf6 22.Rac1
Re8 23.e3 h5 24.h4 Kh7 25.Qb6 Re7 26.Rd6 Qf8 27.Rcd1 Qf7 28.b3 Ng4 29.Bf1 Ne5
30.Bc4 Nxc4 31.bxc4 Qxc4 32.Rxg6 Qxa4 33.Rgd6 Re6 34.Qxb7 Qc4 35.Rxe6 Qxe6
36.Qd7 Qg6 37.Rd5 {#r} 1-0

[Event "It \"]
[Site "masterchessopen.com - Peterhof (Russia)"]
[Date "2008.01.09"]
[Round "10"]
[White "Kashlinskaya Alina (RUS)"]
[Black "Rozum Ivan (RUS)"]
[Result "0-1"]
[WhiteElo "2266"]
[BlackElo "2439"]

1.d4 Nf6 2.c4 c5 3.d5 e6 4.Nc3 exd5 5.cxd5 d6 6.Nf3 g6 7.g3 Bg7 8.Bg2 O-O
9.O-O Na6 10.Nd2 Nc7 11.Nc4 Nh5 12.a4 b6 13.Qc2 f5 14.Bf3 Ba6 15.b3 Nf6 16.Bf4
Nfe8 17.h4 h6 18.Rad1 g5 19.hxg5 hxg5 20.Bc1 Qf6 21.Bb2 Qf7 22.Qd2 Qg6 23.Bg2
Rd8 24.Ne3 Qh5 25.Qc2 Bc8 26.g4 Qh4 27.gxf5 Be5 28.Rfe1 Ng7 29.Ne4 Qh2+ 30.Kf1
Bxf5 31.Bxe5 dxe5 32.Nxf5 Nxf5 33.Qc3 Nxd5 34.Rxd5 Rxd5 35.Nf6+ Rxf6 36.Bxd5+
Kg7 37.Qf3 g4 {#R} 0-1

[Event "It (open) (b)"]
[Site "masterchessopen.com - Moscow (Russia)"]
[Date "2008.02.04"]
[Round "3"]
[White "Yudkevich Mikhail (RUS)"]
[Black "Derbenev Andrey (RUS)"]
[Result "0-1"]
[WhiteElo "2188"]
[BlackElo "2399"]

1.d4 Nf6 2.c4 c5 3.d5 e6 4.Nc3 exd5 5.cxd5 d6 6.g3 g6 7.Bg2 Bg7 8.Nf3 O-O
9.O-O Na6 10.Nd2 Nc7 11.a4 b6 12.Re1 Rb8 13.Rb1 Re8 14.Nc4 Ba6 15.b3 Qd7
16.Bf4 Nh5 17.Bd2 f5 18.Qc2 Rbd8 19.Bg5 Bf6 20.Bxf6 Nxf6 21.Qd2 b5 22.axb5
Nxb5 23.Ra1 Nc7 24.Na5 Rb8 25.Qc2 Bb7 26.Nc6 Ra8 27.Rad1 Na6 28.Nb5 Nb4
29.Nbxa7 Nxc2 {#R} 0-1

[Event "It (open) (b)"]
[Site "masterchessopen.com - Moscow (Russia)"]
[Date "2008.02.05"]
[Round "4"]
[White "Zakharov Igor (RUS)"]
[Black "Ivanov Nikolay F (RUS)"]
[Result "1-0"]
[WhiteElo "2194"]
[BlackElo "2039"]

1.d4 Nf6 2.c4 e6 3.Nf3 c5 4.d5 exd5 5.cxd5 d6 6.Nc3 g6 7.g3 Bg7 8.Bg2 O-O
9.O-O Na6 10.Re1 Nc7 11.a4 a6 12.e4 Bg4 13.Qb3 Re8 14.e5 dxe5 15.Nxe5 Bd7
16.Be3 b6 17.Rad1 Rb8 18.Nc6 Bxc6 19.dxc6 Qc8 20.Bf4 b5 21.Bxc7 Rxe1+ 22.Rxe1
Qxc7 23.axb5 axb5 24.Nxb5 Qa5 25.Re7 Qa1+ 26.Bf1 Rf8 27.Nd6 c4 28.Qxc4 {#r}
1-0

[Event "Czech League 2007/08 (1st)"]
[Site "masterchessopen.com - Czech Republic"]
[Date "2008.02.10"]
[Round "7"]
[White "Varejcko Josef (CZE)"]
[Black "Kanovsky David (CZE)"]
[Result "1-0"]
[WhiteElo "2218"]
[BlackElo "2431"]

1.d4 Nf6 2.g3 c5 3.d5 e6 4.c4 exd5 5.cxd5 d6 6.Bg2 g6 7.Nc3 Bg7 8.Nf3 O-O
9.O-O a6 10.a4 Nbd7 11.a5 Qe7 12.Qa4 Rb8 13.Nd2 Re8 14.Qh4 b5 15.axb6 Rxb6
16.Ra4 h6 17.Nde4 g5 18.Nxf6+ Qxf6 19.Qh5 Rb4 20.Rxb4 cxb4 21.Ne4 Qe7 22.f4 f5
23.fxg5 fxe4 24.gxh6 Bd4+ 25.Kh1 Nf8 26.Bg5 Qd7 27.Bh3 {#r} 1-0

[Event "Czech League 2007/08 (krajsky prebor)"]
[Site "masterchessopen.com - Czech Republic"]
[Date "2008.03.09"]
[Round "9"]
[White "Daniel Martin (CZE)"]
[Black "Hajek Jaroslav (CZE)"]
[Result "1-0"]
[WhiteElo "2058"]
[BlackElo "1976"]

1.d4 Nf6 2.c4 c5 3.d5 e6 4.Nc3 exd5 5.cxd5 d6 6.Nf3 g6 7.g3 Bg7 8.Bg2 O-O
9.Nd2 Na6 10.Nc4 Nc7 11.O-O Rb8 12.Bf4 Nfe8 13.Ne4 Bf5 14.Nexd6 Nxd6 15.Bxd6
Re8 16.Bxc5 b6 17.Bd4 Bxd4 18.Qxd4 Rxe2 19.Ne3 Qd7 20.Bf3 Nb5 21.Qf4 {#r} 1-0

[Event "Ch Saarland (MA)"]
[Site "masterchessopen.com - Eppelborn (Germany)"]
[Date "2008.03.22"]
[Round "9"]
[White "Barmbold Jens (GER)"]
[Black "Hillenbrand Alexander (GER)"]
[Result "1-0"]
[WhiteElo "2199"]
[BlackElo "2167"]

1.d4 Nf6 2.Nf3 e6 3.c4 c5 4.d5 d6 5.Nc3 exd5 6.cxd5 g6 7.g3 Bg7 8.Bg2 O-O
9.O-O Re8 10.Bf4 Na6 11.Nd2 Nh5 12.Nc4 Nxf4 13.gxf4 Bxc3 14.bxc3 b5 15.Nd2 Qf6
16.e3 Rb8 17.Qf3 Bd7 18.e4 b4 19.e5 dxe5 20.Ne4 Qd8 21.fxe5 Rxe5 22.Qf6 Qe7
23.Rfe1 Bb5 24.f4 Rb6 25.Qxe5 {#r} 1-0

[Event "Ch Russia (juniors) (under 14)"]
[Site "masterchessopen.com - Dagomys (Russia)"]
[Round "7"]
[White "Vasilov Artur (RUS)"]
[Black "Oshukov Andrey (RUS)"]
[Result "1-0"]
[WhiteElo "2150"]
[BlackElo "2033"]

1.d4 Nf6 2.c4 e6 3.g3 c5 4.d5 exd5 5.cxd5 d6 6.Nc3 g6 7.Bg2 Bg7 8.Nf3 O-O
9.O-O Na6 10.Nd2 Nc7 11.a4 Rb8 12.Nc4 Ng4 13.Ne4 Ne8 14.Bf4 Ne5 15.Nexd6 Nxd6
16.Bxe5 Bxe5 17.Nxe5 Qe7 18.Nf3 Re8 19.Re1 b6 20.e4 Bg4 21.h3 Bxf3 22.Qxf3 f6
23.Qc3 Nf7 24.Bf1 Kg7 25.Bb5 Red8 26.Rad1 Rd6 27.f4 Rbd8 28.e5 fxe5 29.fxe5
Kg8 30.e6 {#r} 1-0

[Event "Ch France (team) (nat.1) 2007/08"]
[Site "masterchessopen.com - France"]
[Date "2008.04.05"]
[Round "10"]
[White "Rocher Olivier (FRA)"]
[Black "Joly Laurent (FRA)"]
[Result "1-0"]
[WhiteElo "2113"]
[BlackElo "2028"]

1.d4 Nf6 2.c4 c5 3.d5 e6 4.Nc3 exd5 5.cxd5 d6 6.g3 g6 7.Bg2 Bg7 8.Nf3 O-O
9.O-O Re8 10.Nd2 Na6 11.Nc4 Nc7 12.a4 b6 13.Bf4 Bf8 14.Qd2 Ba6 15.Na3 Qd7
16.Rfe1 Rab8 17.e4 Nh5 18.Be3 Bg7 19.Nc2 Rbc8 20.Ra3 Bb7 21.a5 Na6 22.Bf1 Nc7
23.a6 Ba8 24.f3 f5 25.Bh3 Rf8 26.Bh6 Rce8 27.Raa1 Bxh6 28.Qxh6 Ng7 29.Ne3 Nb5
30.exf5 gxf5 31.Nxb5 Qxb5 32.Nxf5 Rxe1+ 33.Rxe1 Nxf5 34.Bxf5 Rxf5 35.Re7 {#r}
1-0

[Event "It (open)"]
[Site "masterchessopen.com - Calvi (France)"]
[Date "2008.04.09"]
[Round "5"]
[White "Al Sayed Mohamad N (QAT)"]
[Black "Piscopo Pierluigi (ITA)"]
[Result "0-1"]
[WhiteElo "2477"]
[BlackElo "2380"]

1.d4 Nf6 2.c4 c5 3.d5 e6 4.Nc3 exd5 5.cxd5 d6 6.Nf3 g6 7.g3 Bg7 8.Bg2 O-O
9.O-O Re8 10.Bf4 Bg4 11.Qb3 Na6 12.Rfe1 c4 13.Qxb7 Nc5 14.Qb4 Rb8 15.Qa3 Nfe4
16.Rad1 Rxb2 17.Nxe4 Rxe4 18.Nd2 Rxe2 19.Nxc4 Rxa2 20.Qb4 Rxf2 21.Rd2 Nd3
22.Qb1 Rfxd2 23.Nxd2 Ra1 {#R} 0-1

[Event "Ch Region (open)"]
[Site "masterchessopen.com - Odessa (Ukraine)"]
[Date "2008.04.19"]
[Round "4"]
[White "Kuznetsov Vladimir (RUS)"]
[Black "Mirzoev Emil (UKR)"]
[Result "0-1"]
[WhiteElo "2090"]
[BlackElo "2020"]

1.d4 Nf6 2.c4 e6 3.g3 c5 4.d5 exd5 5.cxd5 g6 6.Nc3 d6 7.Nf3 Bg7 8.Bg2 O-O
9.O-O Re8 10.Nd2 Re7 11.Nc4 Na6 12.e4 Ne8 13.Re1 Nac7 14.a4 Rb8 15.Qc2 b5
16.axb5 Nxb5 17.Nxb5 Rxb5 18.Ra3 Reb7 19.b3 Bd7 20.Bb2 Bxb2 21.Qxb2 Qb8 22.Na5
R7b6 23.e5 dxe5 24.Rxe5 Nd6 25.Re7 Be8 26.Qc3 Nf5 27.Re2 Nd4 28.Re3 Nf5 29.Bf1
Nxe3 30.Bxb5 Nxd5 31.Qd2 Bxb5 32.Qxd5 Rd6 33.Qe4 Rd1+ 34.Kg2 Bf1+ {#R} 0-1

[Event "It (open)"]
[Site "masterchessopen.com - La Laguna (Spain)"]
[Date "2008.04.26"]
[Round "8"]
[White "Lafuente Pablo (ARG)"]
[Black "Barlov Dragan (SRB)"]
[Result "1-0"]
[WhiteElo "2522"]
[BlackElo "2463"]

1.d4 Nf6 2.c4 e6 3.g3 c5 4.d5 exd5 5.cxd5 g6 6.Bg2 d6 7.Nc3 Bg7 8.Nf3 O-O
9.O-O Na6 10.Nd2 Nc7 11.Nc4 Nfe8 12.e4 b5 13.Na5 b4 14.Nc6 Qd7 15.Na4 Ba6
16.Re1 Bb5 17.a3 bxa3 18.Rxa3 Bxc6 19.dxc6 Qxc6 20.e5 d5 21.Rc3 c4 22.b3 Rb8
23.Ba3 Qa6 24.Bxf8 Bxf8 25.Bxd5 Nxd5 26.Qxd5 cxb3 27.e6 Qb7 28.Qxb7 Rxb7
29.exf7+ Kxf7 30.Rf3+ Nf6 31.Rb1 a5 32.Rbxb3 Rxb3 33.Rxb3 Bb4 34.Nb2 Ne4
35.Nd3 Bd6 36.Rb7+ Ke6 37.Ra7 Kd5 38.Rxa5+ {#r} 1-0

[Event "Tournament"]
[Site "masterchessopen.com - Campinas (Brazil)"]
[Round "1"]
[White "Vallejos Jose Antonio (BRA)"]
[Black "Martinez Carlos Alejandro (BRA)"]
[Result "0-1"]
[WhiteElo "1957"]
[BlackElo "2463"]

1.d4 Nf6 2.c4 c5 3.d5 e6 4.Nc3 exd5 5.cxd5 d6 6.Nf3 g6 7.g3 Bg7 8.Bg2 O-O
9.O-O Re8 10.Bg5 a6 11.a4 Nbd7 12.h3 Rb8 13.Bf4 Qc7 14.g4 Ne4 15.Nxe4 Rxe4
16.Qc2 Rxf4 17.e4 b5 18.Nd2 c4 19.Rfc1 Bd4 20.Nf3 Rxf3 21.Bxf3 Ne5 22.Be2 Qc5
23.Bf1 bxa4 24.Ra2 Bd7 25.Kg2 f5 26.f4 Nd3 27.Bxd3 cxd3 28.Qd1 Qb5 29.gxf5
gxf5 30.Qf3 Re8 {#R} 0-1

[Event "It (open) \"]
[Site "masterchessopen.com - Bratislava (Slovakia)"]
[Date "2008.06.28"]
[Round "1"]
[White "Schwarz Dusan (SVK)"]
[Black "Lukac Stefan (SVK)"]
[Result "1-0"]
[WhiteElo "2338"]
[BlackElo "1906"]

1.d4 Nf6 2.c4 e6 3.Nf3 c5 4.d5 exd5 5.cxd5 d6 6.Nc3 g6 7.g3 Bg7 8.Bg2 O-O
9.O-O Re8 10.Nd2 Bd7 11.Nc4 Qe7 12.Bf4 Bf5 13.Bxd6 Qd7 14.a4 Na6 15.Re1 b6
16.e4 Bh3 17.e5 Bxg2 18.exf6 Rxe1+ 19.Qxe1 Re8 20.Qd1 Bf8 21.Bxf8 Qh3 22.Be7
h5 23.Ne3 Bxd5 24.Ncxd5 g5 25.Qd3 Nb4 26.Nxb4 cxb4 27.Qf5 {#r} 1-0

[Event "Ch City"]
[Site "masterchessopen.com - Steyr (Austria)"]
[Date "2008.06.28"]
[Round "4"]
[White "Nagl Franz (AUT)"]
[Black "Knoll Hermann (AUT)"]
[Result "0-1"]
[WhiteElo "2155"]
[BlackElo "2371"]

1.d4 Nf6 2.c4 e6 3.g3 c5 4.d5 exd5 5.cxd5 d6 6.Nc3 g6 7.Bg2 Bg7 8.Nf3 O-O
9.O-O Na6 10.Nd2 Nc7 11.a4 b6 12.Nc4 Ba6 13.Na3 Qd7 14.h3 Rfe8 15.Re1 Re7
16.e4 Rae8 17.Bf4 Nh5 18.Bg5 f6 19.Be3 f5 20.exf5 Nxg3 21.fxg6 hxg6 22.Qd2 Nf5
23.Bg5 Rxe1+ 24.Rxe1 Rxe1+ 25.Qxe1 Bxc3 26.Qxc3 Qxa4 27.Qf6 Qe8 28.h4 Qf7
29.Qd8+ Kh7 30.h5 Bd3 31.hxg6+ Kxg6 32.Bf4 Ne8 33.Bh3 Nf6 34.Bxf5+ Kxf5
35.Bxd6 Qxd5 36.Bc7 Qxd8 37.Bxd8 Nd5 38.f3 b5 {#R} 0-1

[Event "Ch Sweden (seniors)"]
[Site "masterchessopen.com - Vaxjo (Sweden)"]
[Date "2008.07.02"]
[Round "1"]
[White "Johansson Per (SWE)"]
[Black "Olsson Roland (SWE)"]
[Result "0-1"]
[WhiteElo "2000"]
[BlackElo "1934"]

1.d4 Nf6 2.Nf3 e6 3.c4 c5 4.d5 exd5 5.cxd5 d6 6.Nc3 g6 7.g3 Bg7 8.Bg2 O-O
9.O-O Na6 10.Nd2 Nc7 11.Nc4 Rb8 12.a4 b6 13.Bf4 Nfe8 14.Qd2 Ba6 15.Na3 Qd7
16.Rfe1 b5 17.axb5 Bxb5 18.e4 a6 19.h4 f6 20.Kh2 Qd8 21.Naxb5 axb5 22.Ra7 b4
23.Nd1 Nb5 24.Ra1 Nd4 25.Ra6 Rb6 26.Qd3 Rxa6 27.Qxa6 g5 28.hxg5 fxg5 29.Be3 g4
30.Rh1 Be5 31.Kg1 Qf6 32.Bxd4 cxd4 33.Qe2 Qg6 34.b3 Qg5 35.Qc2 Nf6 36.Rh4 h5
37.Nb2 Ra8 38.Kh2 Qxh4+ {#R} 0-1

[Event "It \"]
[Site "masterchessopen.com - Philadelphia (USA)"]
[Date "2008.07.05"]
[Round "6"]
[White "Arun Prasad S (IND)"]
[Black "Shabalov Alexander (USA)"]
[Result "0-1"]
[WhiteElo "2530"]
[BlackElo "2585"]

1.d4 Nf6 2.c4 c5 3.d5 e6 4.Nc3 exd5 5.cxd5 d6 6.Nf3 g6 7.g3 Bg7 8.Bg2 O-O
9.O-O Na6 10.Nd2 Nc7 11.a4 b6 12.Rb1 Nh5 13.Qc2 f5 14.e3 Ba6 15.Re1 Qf6 16.Nd1
Qf7 17.e4 Rae8 18.Nc4 Bxc4 19.Qxc4 Nxd5 20.e5 Nc7 {#R} 0-1

[Event "Cup Volga (cat.2)"]
[Site "masterchessopen.com - Kostroma (Russia)"]
[Date "2008.07.06"]
[Round "6"]
[White "Svetlov Dmitry (RUS)"]
[Black "Derbenev Andrey (RUS)"]
[Result "0-1"]
[WhiteElo "2327"]
[BlackElo "2399"]

1.d4 Nf6 2.Nf3 c5 3.d5 e6 4.c4 exd5 5.cxd5 d6 6.Nc3 g6 7.g3 Bg7 8.Bg2 O-O
9.O-O Na6 10.Nd2 Nc7 11.Nc4 Nfe8 12.a4 b6 13.Bf4 Ba6 14.Na3 f5 15.Qd2 Nf6
16.Rab1 Re8 17.b4 cxb4 18.Rxb4 Ng4 19.Ncb5 Nxb5 20.axb5 Bb7 21.Nc2 a5 22.bxa6
Rxa6 23.Nd4 Qa8 24.Nc6 Ra2 25.Qd3 Rexe2 26.Rxb6 Nxf2 27.Qb3 Ng4 28.Bf3 Reb2
29.Rxb7 Qxb7 {#R} 0-1

[Event "It (open) \"]
[Site "masterchessopen.com - Helsingor (Denmark)"]
[Date "2008.07.27"]
[Round "10"]
[White "Carstensen Jacob (DEN)"]
[Black "Laursen Niels Norskov (DEN)"]
[Result "1-0"]
[WhiteElo "2319"]
[BlackElo "2188"]

1.d4 Nf6 2.c4 c5 3.d5 e6 4.Nc3 exd5 5.cxd5 d6 6.g3 g6 7.Bg2 Bg7 8.Nf3 O-O
9.O-O Na6 10.Nd2 Nc7 11.a4 b6 12.Qb3 Ba6 13.Rd1 Re8 14.e3 Ng4 15.h3 Ne5 16.Nb5
Qd7 17.Bf1 Bb7 18.e4 a6 19.Nc3 h5 20.f4 c4 21.Qxb6 Nd3 22.Qxb7 Bd4+ 23.Kh2 Nf2
24.Re1 h4 25.gxh4 Rab8 26.Qc6 Qd8 27.Nf3 Bc5 28.a5 Nb5 29.Be3 Na7 30.Qxa6 Bxe3
31.Rxe3 {#r} 1-0

[Event "It (open)"]
[Site "masterchessopen.com - Barcelona (Spain)"]
[Round "2"]
[White "Trepat Herranz Joan (ESP)"]
[Black "Oms Pallise Josep (AND)"]
[Result "0-1"]
[WhiteElo "2238"]
[BlackElo "2522"]

1.d4 Nf6 2.c4 e6 3.g3 c5 4.d5 exd5 5.cxd5 d6 6.Nc3 g6 7.Bg2 Bg7 8.Nf3 O-O
9.O-O Re8 10.h3 a6 11.a4 Nbd7 12.Qc2 Rb8 13.Rb1 Qc7 14.Qd1 b5 15.axb5 axb5
16.b4 cxb4 17.Na2 Ne4 18.Rxb4 Qa5 19.Qc2 Nc3 20.Nxc3 Qxb4 21.Bd2 Qc4 {#R} 0-1

[Event "It (open) \"]
[Site "masterchessopen.com - Tromsoe (Norway)"]
[Date "2008.08.02"]
[Round "5"]
[White "Carlsen Henrik (NOR)"]
[Black "Eriksen Magnus (NOR)"]
[Result "1-0"]
[WhiteElo "2085"]
[BlackElo "1895"]

1.d4 Nf6 2.c4 c5 3.d5 e6 4.Nc3 exd5 5.cxd5 d6 6.g3 g6 7.Bg2 Bg7 8.Nf3 O-O
9.O-O a6 10.a4 Nh5 11.e4 f5 12.Ng5 f4 13.Ne6 Bxe6 14.dxe6 Bxc3 15.bxc3 Qe7
16.Re1 fxg3 17.fxg3 Nc6 18.Bh6 Ng7 19.Rb1 Rab8 20.Rb6 Rfe8 21.Bf4 Qc7 22.a5
Rbd8 23.Bh3 Kh8 24.Qd5 Nh5 25.Bg5 Rc8 26.Rd1 Nxa5 27.Rxd6 h6 28.Rd7 Qb6
29.Qe5+ Kg8 30.Bxh6 c4+ 31.Kh1 Rc5 32.Rg7+ Kh8 33.Qd4 Nb3 34.Qd7 {#r} 1-0

[Event "Ch Great Britain (Major Open)"]
[Site "masterchessopen.com - Liverpool (England)"]
[Date "2008.08.07"]
[Round "10"]
[White "Macqueen Calum (SCO)"]
[Black "Rabbitte Michael J (ENG)"]
[Result "1-0"]
[WhiteElo "1973"]
[BlackElo "1982"]

1.d4 Nf6 2.Nf3 c5 3.d5 e6 4.c4 exd5 5.cxd5 d6 6.Nc3 g6 7.g3 Bg7 8.Bg2 O-O
9.O-O Qe7 10.Nd2 b6 11.Re1 Ba6 12.a4 Nbd7 13.Nb5 Bxb5 14.axb5 Nh5 15.e4 Ne5
16.Qe2 Qd7 17.Ra4 c4 18.Nxc4 Qxb5 19.Qd1 Nxc4 20.Bf1 Nxb2 21.Bxb5 Nxd1 22.Rxd1
a5 23.Be3 Rab8 24.Rc1 Rfc8 25.Rc6 Bf8 26.Bxb6 Nf6 27.f3 Ne8 28.Rxc8 Rxc8
29.Bc6 Rb8 30.Bxa5 Rb1+ 31.Kf2 Rb2+ 32.Ke3 Ng7 33.Bc7 f6 34.Ra8 Ne8 35.Rxe8
{#r} 1-0

[Event "Ch France (accession)"]
[Site "masterchessopen.com - Pau (France)"]
[Date "2008.08.16"]
[Round "5"]
[White "Payen Arnaud (FRA)"]
[Black "Debray Christopher (FRA)"]
[Result "0-1"]
[WhiteElo "2366"]
[BlackElo "2388"]

1.d4 Nf6 2.c4 c5 3.d5 e6 4.Nc3 exd5 5.cxd5 d6 6.g3 g6 7.Bg2 Bg7 8.Nf3 O-O
9.O-O Na6 10.Nd2 Nc7 11.Nc4 Re8 12.Bf4 Bf8 13.a4 b6 14.e4 Ba6 15.b3 Bxc4
16.bxc4 Rb8 17.Re1 a6 18.Rb1 Nd7 19.Bd2 Bg7 20.Kh1 Ne5 21.Bf1 Qd7 22.Be2 f5
23.f4 Nf7 24.Bd3 fxe4 25.Nxe4 b5 26.axb5 axb5 27.cxb5 Nxd5 28.b6 Rxb6 29.Bc4
Rxb1 30.Qxb1 Nc7 31.Qb7 d5 32.Ba5 dxc4 33.Bxc7 Nd8 34.Qb8 Ne6 35.Nxc5 Qc6+
{#R} 0-1

[Event "It (open) \"]
[Site "masterchessopen.com - Berlin (Germany)"]
[Date "2008.08.19"]
[Round "4"]
[White "Tiemer Klaus (GER)"]
[Black "Ruehrmund Daniel (GER)"]
[Result "1-0"]
[WhiteElo "2067"]
[BlackElo "1841"]

1.d4 Nf6 2.c4 c5 3.d5 e6 4.Nc3 exd5 5.cxd5 d6 6.Nf3 g6 7.g3 Bg7 8.Bg2 O-O
9.O-O Re8 10.Nd2 Na6 11.Nc4 Nc7 12.a4 a6 13.Bf4 Bf8 14.Qd2 Rb8 15.e4 Nh5
16.Be3 b5 17.axb5 axb5 18.Na5 Bd7 19.Rfe1 b4 20.Ne2 Nb5 21.f3 Ra8 22.Nc4 Qc7
23.g4 Nf6 24.Ng3 Bc8 25.Rxa8 {#r} 1-0

[Event "Ch Vietnam (team)"]
[Site "masterchessopen.com - Hue (Vietnam)"]
[Date "2008.08.21"]
[Round "8"]
[White "Nguyen Duc Hoa (VIE)"]
[Black "Le Quang Long (VIE)"]
[Result "1-0"]
[WhiteElo "2342"]
[BlackElo "2252"]

1.d4 Nf6 2.c4 e6 3.Nc3 c5 4.d5 exd5 5.cxd5 d6 6.g3 g6 7.Bg2 Bg7 8.Nf3 O-O
9.O-O Re8 10.Bf4 a6 11.a4 Ne4 12.Nxe4 Rxe4 13.Ra2 Qe7 14.Nd2 Rb4 15.b3 Nd7
16.Nc4 Ne5 17.Qc2 Nxc4 18.bxc4 Bd7 19.Re1 Qe8 20.Bxd6 Bxa4 21.Qc1 Bb3 22.Ra3
Rc8 23.e4 Bd4 24.g4 Be5 25.Bxe5 Qxe5 26.f4 Qd4+ 27.Kh1 Qxc4 28.Qe3 Ba4 29.f5
Qd4 30.Qh6 Re8 31.Rf1 Bb5 32.f6 Qxf6 33.Rxf6 Rb1+ 34.Bf1 Bxf1 35.Rxf1 Rxf1+
36.Kg2 {#r} 1-0

[Event "It (open)"]
[Site "masterchessopen.com - Kuala Lumpur (Malaysia)"]
[Date "2008.08.22"]
[Round "7"]
[White "Pereira Johnharry (SIN)"]
[Black "F Sayani M Hendrik (INA)"]
[Result "0-1"]
[WhiteElo "1926"]
[BlackElo "2190"]

1.d4 Nf6 2.c4 c5 3.d5 e6 4.Nc3 exd5 5.cxd5 d6 6.g3 g6 7.Bg2 Bg7 8.Nf3 O-O
9.O-O Re8 10.h3 Na6 11.Bf4 Nc7 12.a4 a6 13.Nd2 Nh5 14.Be3 Nxg3 15.fxg3 Rxe3
16.Rf3 Re7 17.Nc4 Rb8 18.a5 Nb5 19.Kh2 Qc7 20.Qd3 Bd7 21.Raf1 Rbe8 22.Re3 Nxc3
23.Rxe7 Rxe7 24.bxc3 Bb5 25.e4 Bxc4 26.Qxc4 Qxa5 27.Rf3 b5 28.Qd3 c4 29.Qc2
Qa1 30.Rf2 Qxc3 31.Qa2 a5 32.Rf3 Qb4 33.Rf1 a4 34.Rc1 Be5 35.h4 a3 36.Rc2 Qb3
{#R} 0-1

[Event "Memorial Georgiev-Kesarovski (open)"]
[Site "masterchessopen.com - Sunny Beach (Bulgaria)"]
[Date "2008.09.12"]
[Round "7"]
[White "Ivanov Borislav (BUL)"]
[Black "Panajotov Janko (BUL)"]
[Result "0-1"]
[WhiteElo "1926"]
[BlackElo "2214"]

1.d4 Nf6 2.c4 e6 3.g3 c5 4.d5 exd5 5.cxd5 d6 6.Nc3 g6 7.Nf3 Bg7 8.Bg2 O-O
9.O-O Na6 10.Nd2 Nc7 11.Nc4 Re8 12.Bf4 Bf8 13.a4 Nh5 14.Bd2 b6 15.Re1 Rb8
16.e4 Ba6 17.b3 Bg7 18.Rc1 Bxc4 19.bxc4 a6 20.Rb1 Qd7 21.Bf1 Bd4 22.Rb3 Rb7
23.Bd3 Qh3 24.Ne2 Be5 25.Bc3 Nf6 26.Bxe5 Ng4 27.Bd4 Qxh2+ 28.Kf1 cxd4 {#R} 0-1

[Event "Tournament (Elo)"]
[Site "masterchessopen.com - Moscow (Russia)"]
[Date "2008.09.20"]
[Round "6"]
[White "Yudkevich Mikhail (RUS)"]
[Black "Einor Pavel (RUS)"]
[Result "1-0"]
[WhiteElo "2188"]
[BlackElo "2095"]

1.d4 Nf6 2.c4 c5 3.d5 e6 4.Nc3 exd5 5.cxd5 d6 6.g3 g6 7.Bg2 Bg7 8.Nf3 O-O
9.O-O a6 10.a4 Nbd7 11.Bf4 Qe7 12.h3 Nh5 13.Bg5 f6 14.Bd2 f5 15.e4 fxe4 16.Ng5
Ne5 17.Ncxe4 h6 18.Ne6 Bxe6 19.dxe6 Qxe6 20.Bc3 Nf7 21.Re1 Be5 22.Nxc5 dxc5
23.Rxe5 Qb6 24.Re7 Rab8 25.Qe2 Ng7 26.Bd5 Rbd8 27.Qe5 {#r} 1-0

[Event "US Chess League"]
[Site "masterchessopen.com - Internet"]
[Date "2008.09.24"]
[Round "5"]
[White "Gulko Boris F (USA)"]
[Black "Smith Bryan G (USA)"]
[Result "1-0"]
[WhiteElo "2552"]
[BlackElo "2406"]

1.d4 Nf6 2.c4 e6 3.g3 c5 4.d5 exd5 5.cxd5 d6 6.Nc3 g6 7.Bg2 Bg7 8.Nf3 O-O
9.O-O a6 10.a4 Nbd7 11.Bf4 Qc7 12.Rc1 Re8 13.b4 Nh5 14.Bd2 Qb6 15.Na2 Nhf6
16.Bc3 cxb4 17.Bxb4 Ne4 18.a5 Qd8 19.Nd2 Nxd2 20.Qxd2 Ne5 21.Nc3 b5 22.Ne4 Bf8
23.Rc6 Nxc6 24.dxc6 d5 25.c7 {#r} 1-0

[Event "Tournament"]
[Site "masterchessopen.com - Swietochlowice (Poland)"]
[Date "2008.10.01"]
[Round "2"]
[White "Gondzik Dawid (POL)"]
[Black "Gwozdzik Zbigniew (POL)"]
[Result "1-0"]
[WhiteElo "2059"]
[BlackElo "1934"]

1.d4 Nf6 2.c4 e6 3.Nc3 c5 4.d5 exd5 5.cxd5 d6 6.Nf3 g6 7.g3 Bg7 8.Bg2 O-O
9.O-O a6 10.a4 Bg4 11.Nd2 Qd7 12.Nc4 Qc7 13.Bf4 Rd8 14.Qb3 h6 15.Bxd6 Rxd6
16.Nxd6 b5 17.Ndxb5 {#r} 1-0